Teoría de la responsabilidad precontractual: aplicaciones en la formación del consentimiento de los contratos

I tiakina i:
Ngā taipitopito rārangi puna kōrero
Kaituhi matua: Zuloaga Ríos, Isabel Margarita (Author)
Hōputu: Pukapuka
Reo:Pāniora
I whakaputaina: Santiago Legal Publishing 2008
Putanga:3a. ed
Ngā marau:
Ngā Tūtohu: Tāpirihia he Tūtohu
Kāore He Tūtohu, Me noho koe te mea tuatahi ki te tūtohu i tēnei pūkete!

MARC

LEADER 00000nam a2200000 a 4500
001 UCI9042
003 CL-VaPUC
008 081024e20080000CL |||||||||||||||||spa|d
020 |a 9562386465 
082 0 4 |a 346.8302  |b ZUL  |2 21 
100 0 |a Zuloaga Ríos, Isabel Margarita  |e author  |9 532700 
245 1 0 |a Teoría de la responsabilidad precontractual: aplicaciones en la formación del consentimiento de los contratos 
250 |a 3a. ed 
300 |a 333 p 
942 |c BK 
945 |d 20081024 00:00:00  |a rbrito 
260 |a Santiago  |b Legal Publishing  |c 2008 
650 7 |a RESPONSABILIDAD PRECONTRACTUAL  |2 CL-VaPUC  |9 432128 
650 0 |a Contratos  |9 255153 
650 7 |a TERMINO DE CONTRATOS  |2 CL-VaPUC  |9 531302 
650 0 |a Derecho comparado  |9 255664 
583 |a last modification  |c 20081024 00:00:00  |k Rodrigo Vera 
999 |c 331734  |d 331732 
952 |0 0  |1 0  |4 0  |6 346_830200000000000_ZUL_2008  |7 0  |8 A  |9 418781  |a BIBDER  |b BIBDER  |d 2019-11-22  |i 4490460  |l 4  |m 1  |o 346.8302 ZUL 2008  |p 4490460  |r 2024-11-19  |s 2024-11-15  |w 2019-11-22  |y BK  |k DER